000 00587nam a22002052 4500
001 0000023825
005 20151217152249.0
008 130403s xx 000 0 eng d
020 _a0750679725 :
040 _aKABU
_cKABU
100 1 _aAhmed, Tarek.
_@0000183549
245 1 0 _aReservoir engineering :
_bhandbook /
_cTarek Ahmed.
250 _a3rd ed.
260 _aBoston :
_bElsevier,
_c2006.
300 _axv, 1360 p.
650 0 _aOil reservoir engineering.
_@0000183550
852 1 _9p10900 KES
908 _a130403
950 _@1
999 _c9992
_d9992